00500nam a2200181Ia 4500008004100000020001800041082000800059100002700067245001800094250000600112260002900118300001000147500002400157650002300181942000700204952009000211999001700301230524s9999 xx 000 0 und d a9780143415145 bSIN aKhushwant Singh941771 0aBurial at Sea a1 aNew DelhibPengun c2010 a117p; aQuantity Number: 1 aMisalliance941772 cBK 00104070aTATCLbTATCLcGENd2023-05-24l0o SINp53439r2023-05-24w2023-05-24yBK c56208d56208